00482nam a2200169Ia 4500008004100000082001600041100002500057245002000082250000800102260002500110300001200135500002400147650001200171942000700183952010500190999001700295230524s9999 xx 000 0 und d a401.31bMCC aMC Comb Gondm910344 0aI Hate Winndows a1ST aNEW DELHIbPHIc1996 aXII;372 aQuantity Number: 1 aComp-Sc cBK 00104070aTATCLbTATCLcGENd2023-05-24l0o401.31 MCCp4259r2023-05-24w2023-05-24yBKzHSSM4103 c14290d14290